00377nam a2200157Ia 4500008004000000041000800040082001200048100000600060245004700066260004300113650001200156650001200168650001500180650000700195650001700202210210b1939 xxu||||| |||| 00| 0 eng d aeng a335/373 a- aProblem of surplus agricultural population aLondonbOxford University Pressc1939 asurplus aProblem apopulation aof aagricultural